[Event "Preinscritos IRT Online"]
[Site "Chess.com INT"]
[Date "2020.12.26"]
[Round "1"]
[White "Jimenez, Washington"]
[Black "Ruiz, Esteban"]
[Result "1/2-1/2"]
[WhiteElo "1509"]
[BlackElo "2089"]
[PlyCount "120"]
[EventDate "2020.12.26"]
[EventType "swiss"]
[EventRounds "11"]
[EventCountry "ECU"]
[SourceTitle "CBM 200 Extra"]
[Source "ChessBase"]
[SourceDate "2021.03.31"]
[SourceVersion "1"]
[SourceVersionDate "2021.03.31"]
[SourceQuality "1"]

1. e4 c6 2. Nf3 d5 3. exd5 cxd5 4. d4 Nc6 5. Nc3 Bg4 6. Bb5 e6 7. h3 Bh5 8. Bd2 Bd6 9. Qe2 a6 10. Bxc6+ bxc6 11. 0-0 Ne7 12. Qe3 Bxf3 13. Qxf3 Qc7 14. Qg4 0-0 15. Bh6 Nf5 16. Bd2 Rab8 17. Rab1 c5 18. Nxd5 exd5 19. Qxf5 cxd4 20. Qxd5 Rfd8 21. Qa5 Qxc2 22. Rfc1 Qd3 23. Bg5 f6 24. Qd2 Qf5 25. Bh4 d3 26. Bg3 Bb4 27. Qf4 Qb5 28. Qc4+ Qxc4 29. Rxc4 d2 30. Rd1 Rbc8 31. Rxc8 Rxc8 32. Bf4 Rc1 33. Rxc1 dxc1Q+ 34. Bxc1 Kf7 35. Kf1 Ke6 36. Ke2 Kd5 37. Kd3 Be1 38. f3 Bg3 39. Bd2 Kc5 40. b3 h5 41. Ke4 g6 42. Bc3 f5+ 43. Ke3 Bc7 44. f4 Kd5 45. Kf3 Bb6 46. g4 hxg4+ 47. hxg4 a5 48. gxf5 gxf5 49. a3 Bc7 50. b4 axb4 51. Bxb4 Kc4 52. Bf8 Kb3 53. Ke3 Bb6+ 54. Kd3 Bc7 55. Bh6 Kxa3 56. Kd4 Kb3 57. Kd5 Kc3 58. Ke6 Kd3 59. Kxf5 Ke3 60. Kg5 Bxf4+ 1/2-1/2